000 00668nam a2200253Ia 4500
001 Para_1938
003 CHAP
008 220125s1993 xx 000 0 und d
010 _a200545
040 _cCHAP
082 _aPA 595.7 H63
100 _aHogue, Charles L.
_9165405
245 _aLatin american isects and entomology /
_c by Charles L. Hogue
260 _aBerkeley :
_b University of California Press
300 _a536 p.
650 _aEntomología
_937113
901 _aPA 595.7 H63
902 _aA
905 _a0000001993 a 0000000000 00
910 _a1993
942 _cPARA
942 _cPARA
_d1
999 _c200545
_d200545